01206nam a2200301Ia 4500001001200000003000800012006001900020007001500039008004100054010001700095020003100112040002100143035002100164050002800185082001200213245013000225260006700355300002400422504005100446533015200497650002100649650002900670655002900699700001800728710001700746856012600763999001500889ebr10269251CaPaEBRm u cr cn|||||||||080415s2008 enka sb 001 0 eng d z 2008015937 z9781845933517 (alk. paper) aCaPaEBRcCaPaEBR a(OCoLC)30778164414aS494.5.S86bS884 2008eb04a63022200aSustainable farmland managementh[electronic resource] :btransdisciplinary approaches /cedited by Robert Fish ... [et al.]. aWallingford, Oxfordshire, UK ;aCambridge, MA :bCABI,cc2008. axvi, 263 p. :bill. aIncludes bibliographical references and index. aElectronic reproduction.bPalo Alto, Calif. :cebrary,d2009.nAvailable via World Wide Web.nAccess may be limited to ebrary affiliated libraries. 0aFarm management. 0aSustainable agriculture. 7aElectronic books.2local1 aFish, Robert.2 aebrary, Inc.40uhttp://site.ebrary.com/lib/rucke/Doc?id=10269251zAn electronic book accessible through the World Wide Web; click to view c8435d8435